Grounded Weapons - Statistics

General Stats
  • This quiz has been taken 137 times
    127 since last reset
  • The average score is 15 of 45
Answer Stats
Hint Answer % Correct
Tier 1 Pebblet Axe
80%
Tier 1 Pebblet Spear
75%
Tier 1 Pebblet Hammer
70%
Tier 3 MInt Mace
65%
Tier 3 Termite Axe
52%
Tier 2 Insect Axe
51%
Tier 3 Black Ox Hammer
49%
Tier 1 Sprig Bow
49%
Tier 2 Insect Hammer
48%
Tier 2 Insect Bow
44%
Tier 1 Spiky Sprig
42%
Tier 1 Acorn Shovel
41%
Tier 3 Salt Morning Star
39%
Tier 1 Larva Blade
37%
Tier 2 Ant club
35%
Tier 1 Pebblet Dagger
34%
Tier 1 Arrow
32%
Tier 2 Crow Crossbow
32%
Tier 2 Black Ant Shovel
31%
Tier 2 Black Ant Sword
31%
Tier 2 Bone Dagger
31%
Tier 2 Bone Trident
31%
Tier 3 Club of the Mother Demon
30%
Tier 3 Spicy Coaltana
30%
Tier 3 Antlion Greatsword
28%
Tier 2 Feather Arrow
28%
Tier 2 Mint Arrow
28%
Tier 2 Spicy Arrow
28%
Tier 2 Stinger Spear
28%
Tier 3 Splinter Arrow
27%
Tier 1 Bratburst
23%
Tier 2 Salt Arrow
21%
Tier 1 Gas Arrow
20%
Tier 2 Mosquito Needle
20%
Tier 2 Spider Fang Dagger
20%
Tier 1 Weevil Shield
20%
Tier 2 Black Ant Shield
18%
Tier 1 Splatburst
18%
Tier 1 Venom Arrow
17%
Tier 1 Torch
15%
Tier 3 Super Gas Arrow
13%
No Tier Repair Tool
8%
No Tier Slime Mold Torch
8%
Tier 1 Lure Arrow
7%
No Tier Slime Lanturn
3%
No matching quizzes found
Score Distribution
Percent of People with Each Score
Percentile by Number Answered
Your Score History
You have not taken this quiz since the last reset